[Event "Regionalliga NW 1617"]
[Site "Bayern"]
[Date "2016.12.04"]
[Round "3.7"]
[White "Kemmerer, Toni"]
[Black "Gaertner, Marc"]
[Result "1-0"]
[WhiteElo "1834"]
[BlackElo "1719"]
[PlyCount "39"]
[EventDate "2016.10.16"]
[EventType "team-tourn"]
[EventRounds "9"]
[EventCountry "GER"]
[SourceTitle "EXT 2019"]
[Source "ChessBase"]
[SourceDate "2018.10.10"]
[SourceVersion "1"]
[SourceVersionDate "2018.10.10"]
[SourceQuality "1"]
[WhiteTeam "Moembris"]
[BlackTeam "Weidhausen"]
[WhiteTeamCountry "GER"]
[BlackTeamCountry "GER"]

1. e4 Nc6 2. Nc3 e6 3. Nf3 a6 4. Be2 Bc5 5. d4 Ba7 6. d5 exd5 7. exd5 Nce7 8. Bg5 d6 9. 0-0 f6 10. Be3 Nf5 11. Bxa7 Rxa7 12. Re1 Nge7 13. Nd4 Nxd4 14. Qxd4 Ra8 15. Bh5+ Kf8 16. Ne4 Ng6 17. Re3 Nf4 18. Nxf6 gxf6 19. Qxf4 Bd7 20. Qh6+ 1-0